| 000 | 00728nam a2200181 4500 | ||
|---|---|---|---|
| 999 |
_c17070 _d17070 |
||
| 008 | 220602b ||||| |||| 00| 0 eng d | ||
| 022 | _a0732-8435 | ||
| 082 | _aDPer 657.05 C33 Sept - Dec 2012, v. 82 n. 9 - 12 | ||
| 100 |
_aChan, H. Leon. _945369 |
||
| 245 |
_aAudit fee patterns of big four and non-big four firms: _ba study of the potential effects of auditing standard 5/ _cH. Leon Chan, David G. DeBoskey and Kevin Hee. |
||
| 260 |
_aNew York: _bThe New York State Society of CPA, _c©2012. |
||
| 300 |
_av82 n10, pages 32-36: _billustrations; _c28 cm. |
||
| 500 | _aThe CPA Journal. | ||
| 650 |
_aAuditing. _945370 |
||
| 700 |
_aDeBoskey, D. G. _eAuthor. _945371 |
||
| 700 |
_aHee, K. _eAuthor. _945372 |
||
| 942 |
_2ddc _cPER |
||